00505cam a2200157 a 4500020001500000041000800015082001800023100001100041245005000052260014300102300001900245650002000264650001600284650003700300650001000337 a9799679702 aENG a305.8959bDJA aDjamal10aCommunal conflicts in contemporary Indonesia. aJakarta, Indonesia :bPusat Bahasa dan Budaya, IAIN Syarif Hidayatullah Jakarta in cooperation with the Konrad Adenauer Foundation,c2002. axiii, 272 p. ; 0aEthnic conflict 0aCommunalism 0aChristianity and other religions 0aIslam